| 000 | 01005nam a22002777a 4500 | ||
|---|---|---|---|
| 001 | 2097 | ||
| 005 | 20250508145233.0 | ||
| 020 | _a9781447299592 | ||
| 040 |
_aFISKH _beng _cFISKH _dFISKH |
||
| 082 | _a514 | ||
| 100 | _aDale, Jenny | ||
| 245 |
_aMerlin the magic puppy / _cby Jenny Dale Illustrated by Susan Hellard A Working Partners Book MACMILLAN CHILDREN'S BOOKS |
||
| 250 | _aThis edition published 2015 by Macmillan Children's Books | ||
| 260 |
_aLondon : _bMacmillan Children's Books, _c2000 |
||
| 300 |
_a60 pages : _c19 cm |
||
| 505 | _aM | ||
| 520 | _aMerlin is very cross. Steven his owner is too busy practising magic tricks to take much notice of his lonely puppy. Merlin is going to try everything he can think of to get some attention and that might include magic. | ||
| 521 |
_a600 _bLexile estimate |
||
| 521 |
_aM _bRaz-Plus |
||
| 650 | _aDog | ||
| 650 | _aMagic | ||
| 650 | _aPuppy | ||
| 650 | _aMagic trick | ||
| 700 |
_aHillard, Susan _eIllustrator |
||
| 942 |
_2ddc _cBK _n0 |
||
| 999 |
_c2097 _d2097 |
||